Soil engineering: Testing, Design, and Remediation (Record no. 13758)
[ view plain ]
| 000 -LEADER | |
|---|---|
| fixed length control field | 00301nam a22001217a 4500 |
| 020 ## - INTERNATIONAL STANDARD BOOK NUMBER | |
| ISBN | 9788189729967 |
| 082 ## - DEWEY DECIMAL CLASSIFICATION NUMBER | |
| Classification number | 624.151 |
| Item number | RED/SO |
| 245 ## - TITLE STATEMENT | |
| Title | Soil engineering: Testing, Design, and Remediation |
| 260 ## - PUBLICATION, DISTRIBUTION, ETC. (IMPRINT) | |
| Place of publication | New Delhi |
| Name of publisher | Gene-tech books |
| Year of publication | 2010 |
| 300 ## - PHYSICAL DESCRIPTION | |
| Number of Pages | 272 p |
| 700 ## - ADDED ENTRY--PERSONAL NAME | |
| Personal name | Reddy, S.N |
| 942 ## - ADDED ENTRY ELEMENTS (KOHA) | |
| Koha item type | Books |
| Withdrawn status | Lost status | Damaged status | Collection code | Home library | Current library | Shelving location | Date acquired | Source of acquisition | Cost, normal purchase price | Full call number | Accession Number | Koha item type |
|---|---|---|---|---|---|---|---|---|---|---|---|---|
| Non-fiction | KAUAET | KAUAET | General Stacks | 31/03/2012 | IBPSS, New Delhi | 800.00 | 624.151 RED/SO | 23075 | Books | |||
| Non-fiction | KAUAET | KAUAET | General Stacks | 31/03/2012 | IBPSS, New Delhi | 800.00 | 624.151 RED/SO | 23076 | Books | |||
| Non-fiction | KAUAET | KAUAET | General Stacks | 31/03/2012 | IBPSS, New Delhi | 800.00 | 624.151 RED/SO | 23077 | Books | |||
| Non-fiction | KAUAET | KAUAET | General Stacks | 31/03/2012 | IBPSS, New Delhi | 800.00 | 624.151 RED/SO | 23078 | Books | |||
| Non-fiction | KAUAET | KAUAET | General Stacks | 31/03/2012 | IBPSS, New Delhi | 800.00 | 624.151 RED/SO | 23079 | Books |
